[Event "3rd Cambridge Int Open"]
[Site "Cambridge ENG"]
[Date "2025.05.27"]
[Round "3.12"]
[White "Fava, Lorenzo"]
[Black "Ladron De Guevara Pinto, Paolo"]
[Result "1/2-1/2"]
[WhiteTitle "FM"]
[BlackTitle "IM"]
[WhiteElo "2299"]
[BlackElo "2419"]
[WhiteFideId "2837434"]
[BlackFideId "2290847"]
[EventDate "2025.05.26"]

1. e4 c5 2. Nc3 Nc6 3. Nge2 d6 4. d4 cxd4 5. Nxd4 Nf6 6. Bg5 e6 7. Qd2 a6 8.
O-O-O Bd7 9. Kb1 Be7 10. f3 Nxd4 11. Qxd4 Qc7 12. Qd2 b5 13. h4 h6 14. Be3 h5
15. Bd3 Bc6 16. Ne2 d5 17. e5 Nd7 18. f4 Nb6 19. Qa5 Bd8 20. Nd4 Bd7 21. Qe1 Nc4
22. Bc1 g6 23. Qg3 Rg8 24. Be2 Rh8 25. Bd3 Rg8 26. Be2 Rh8 27. b3 Na5 28. Bd3
Nc6 29. Nxc6 Bxc6 30. Qh3 Qe7 31. Be3 a5 32. Bd4 b4 33. Qe3 Qb7 34. g4 hxg4 35.
h5 gxh5 36. f5 Be7 37. fxe6 fxe6 38. Bg6+ Kd7 39. Bxh5 a4 40. Bxg4 axb3 41. axb3
Qa6 42. Rh6 Rxh6 43. Qxh6 Bb7 44. Rg1 Bc5 45. Bxe6+ Qxe6 46. Qxe6+ Kxe6 47. Bxc5
Kxe5 48. Re1+ Kf5 49. Bxb4 Bc6 50. Bc3 Re8 51. Rh1 Ke6 52. Kb2 Kd7 53. Bd4 Bb7
54. Ka3 Bc6 55. Kb4 Rb8+ 56. Kc3 Re8 57. Rh7+ Re7 58. Rh6 Re6 59. Rh5 Kd6 60.
Kb4 Bd7 61. c3 Kc6 62. Ka5 Re8 63. Be5 Ra8+ 64. Kb4 Re8 65. Bd4 Rb8+ 66. Ka3
Ra8+ 67. Kb2 Re8 68. b4 Bg4 69. b5+ Kxb5 70. Rxd5+ Kc4 71. Rc5+ Kd3 72. Rb5 Re2+
73. Ka3 Be6 74. Kb4 Rb2+ 75. Kc5 Rxb5+ 76. Kxb5 1/2-1/2

[Event "3rd Cambridge Int Open"]
[Site "Cambridge ENG"]
[Date "2025.05.27"]
[Round "3.13"]
[White "Pert, Richard G"]
[Black "Majeed, Haroon"]
[Result "1-0"]
[WhiteTitle "IM"]
[WhiteElo "2413"]
[BlackElo "1999"]
[WhiteFideId "404748"]
[BlackFideId "343401902"]
[EventDate "2025.05.26"]

1. d4 d5 2. Nf3 Nf6 3. Bf4 c5 4. e3 Nc6 5. Nbd2 cxd4 6. exd4 Bf5 7. Bb5 e6 8.
Ne5 Qb6 9. Bxc6+ bxc6 10. Nb3 c5 11. c3 c4 12. Nd2 Bd6 13. Ndxc4 dxc4 14. Nxc4
Bxf4 15. Nxb6 axb6 16. Qf3 1-0

[Event "3rd Cambridge Int Open"]
[Site "Cambridge ENG"]
[Date "2025.05.27"]
[Round "3.14"]
[White "Nawalaniec, Adam"]
[Black "Fernandez Garcia, Jose Miguel"]
[Result "1/2-1/2"]
[WhiteTitle "CM"]
[BlackTitle "IM"]
[WhiteElo "2211"]
[BlackElo "2365"]
[WhiteFideId "21023786"]
[BlackFideId "22200070"]
[EventDate "2025.05.26"]

1. e4 e5 2. Nf3 Nc6 3. d4 exd4 4. Nxd4 Nf6 5. Nxc6 bxc6 6. e5 Qe7 7. Qe2 Nd5 8.
c4 Qb4+ 9. Nd2 Nf4 10. Qe4 Ne6 11. a3 Qe7 12. Be2 g6 13. O-O Bg7 14. Nf3 O-O 15.
b4 a5 16. Bd2 axb4 17. Bxb4 Nc5 18. Qe3 d6 19. Bxc5 dxc5 20. Rfe1 Re8 21. Bd1
Bg4 22. a4 Bxf3 23. Bxf3 Ra6 24. g3 Bxe5 25. Ra2 Qf6 26. Kg2 Kg7 27. h4 h5 28.
Ree2 Ra5 29. Re1 Ra6 30. Ree2 Ra5 31. Re1 Ra6 32. Ree2 1/2-1/2

[Event "3rd Cambridge Int Open"]
[Site "Cambridge ENG"]
[Date "2025.05.27"]
[Round "3.15"]
[White "Brewer, Callum D"]
[Black "Lebedev, Lion"]
[Result "1/2-1/2"]
[WhiteElo "2154"]
[BlackElo "1996"]
[WhiteFideId "435309"]
[BlackFideId "551005492"]
[EventDate "2025.05.26"]

1. e4 e6 2. d4 d5 3. e5 c5 4. c3 Qb6 5. Nf3 Nc6 6. Be2 cxd4 7. cxd4 Nh6 8. Bxh6
Qxb2 9. Nbd2 gxh6 10. O-O Nxd4 11. Rb1 Nxe2+ 12. Qxe2 Qa3 13. Nd4 a6 14. Rfc1
Bg7 15. Nf1 O-O 16. Rc7 Kh8 17. Ng3 Qa4 18. Qe3 Bd7 19. Rcxb7 Rac8 20. R7b4 Qa5
21. Nh5 Rg8 22. g3 Rc4 23. Rb8 Qc7 24. Rxg8+ Kxg8 25. Nxg7 Kxg7 26. Qf4 Kg8 27.
Qg4+ Kf8 28. Qf4 Ke8 29. Qf6 Rxd4 30. Qh8+ Ke7 31. Qf6+ Ke8 32. Qh8+ Ke7 33. Rb8
Qxb8 34. Qxb8 Ra4 35. Qd6+ Ke8 36. Qb8+ Ke7 37. Qd6+ Ke8 38. a3 Bb5 39. Qb8+ Ke7
40. Qd6+ Ke8 41. Qb8+ Ke7 42. Qd6+ 1/2-1/2

[Event "3rd Cambridge Int Open"]
[Site "Cambridge ENG"]
[Date "2025.05.27"]
[Round "3.16"]
[White "Cole, James"]
[Black "Yoon, Jacob D"]
[Result "0-1"]
[BlackTitle "CM"]
[WhiteElo "1972"]
[BlackElo "2250"]
[WhiteFideId "431818"]
[BlackFideId "446076"]
[EventDate "2025.05.26"]

1. d4 d5 2. c4 e6 3. Nf3 c6 4. e3 f5 5. Bd3 Nf6 6. O-O Bd6 7. b3 Qe7 8. Bb2 Nbd7
9. Qc1 b6 10. cxd5 cxd5 11. Ba3 Bb7 12. Bxd6 Qxd6 13. Qa3 Qxa3 14. Nxa3 Ke7 15.
Rac1 Rhc8 16. Nb1 Ne4 17. Rfd1 Kf6 18. Bb5 Nf8 19. Ne5 Nd6 20. Bd3 Ng6 21. Nxg6
Kxg6 22. f3 a6 23. Nc3 Bc6 24. Kf2 b5 25. g4 Kf7 26. gxf5 exf5 27. Ne2 b4 28.
Rc5 Nb7 29. Rc2 Nd6 30. Rdc1 Bd7 31. Rc7 Ke8 32. Nf4 Rxc7 33. Rxc7 Rc8 34. Rxc8+
Bxc8 35. Nxd5 a5 36. Nb6 Be6 37. e4 Kd8 38. d5 fxe4 39. fxe4 Kc7 40. Na4 Bd7 41.
e5 Nb7 42. d6+ Kd8 43. Nb6 Be6 44. Bxh7 Nc5 45. Bc2 a4 46. Ke3 axb3 47. axb3
Nxb3 48. Na4 Na5 49. Nc5 Bg8 50. Bf5 b3 51. Kd3 g6 52. Bxg6 Nc6 53. Ke4 b2 54.
Kf4 Ba2 55. e6 b1=Q 56. Bxb1 Bxb1 0-1

[Event "3rd Cambridge Int Open"]
[Site "Cambridge ENG"]
[Date "2025.05.27"]
[Round "3.17"]
[White "Adams, Henry"]
[Black "Sasikumar, Srivathsan"]
[Result "0-1"]
[WhiteElo "2144"]
[BlackElo "1953"]
[WhiteFideId "464562"]
[BlackFideId "343401279"]
[EventDate "2025.05.26"]

1. d4 Nf6 2. Nf3 d5 3. c4 e6 4. g3 c6 5. Bg2 Nbd7 6. O-O b6 7. Nc3 Be7 8. Qd3
Bb7 9. e4 dxe4 10. Nxe4 Nxe4 11. Qxe4 Nf6 12. Qe2 c5 13. Rd1 cxd4 14. Rxd4 Qc8
15. Ne5 Bxg2 16. Kxg2 O-O 17. Qf3 Qc5 18. Nc6 Rac8 19. Nxe7+ Qxe7 20. Bg5 h6 21.
Bxf6 Qxf6 22. Qxf6 gxf6 23. Rad1 Rc7 24. b3 f5 25. Kf3 Kg7 26. Rd7 Rfc8 27. Kf4
Kf6 28. R1d6 Kg6 29. Ke5 Rc5+ 30. Kd4 R8c7 31. f4 Kf6 32. a4 R5c6 33. Rxc7 Rxc7
34. b4 Ke7 35. c5 bxc5+ 36. bxc5 Rd7 37. Rxd7+ Kxd7 38. Ke5 Ke7 39. Kd4 f6 40.
Kc4 Kd7 41. Kb5 e5 42. h3 h5 43. Ka6 Kc6 44. Kxa7 e4 0-1

[Event "3rd Cambridge Int Open"]
[Site "Cambridge ENG"]
[Date "2025.05.27"]
[Round "3.18"]
[White "Hedger, Alec"]
[Black "Hanache, Kai"]
[Result "0-1"]
[WhiteElo "1924"]
[BlackElo "2149"]
[WhiteFideId "453943"]
[BlackFideId "490105"]
[EventDate "2025.05.26"]

1. e4 c5 2. d4 cxd4 3. c3 dxc3 4. Nxc3 Nc6 5. Nf3 e6 6. Bc4 Bb4 7. O-O Nge7 8.
Qc2 O-O 9. Rd1 Bxc3 10. bxc3 Qa5 11. Rb1 d5 12. Rb5 Qc7 13. exd5 exd5 14. Bxd5
a6 15. Rc5 Nxd5 16. Rcxd5 Nb4 17. Qe4 Nxd5 18. Qxd5 Bg4 19. Bg5 h6 20. Bh4 Qxc3
21. Qxb7 Rab8 22. Qe4 Rb4 23. Qe7 Bxf3 24. Qxf8+ Kh7 25. gxf3 Rxh4 26. Qxf7 Qe5
27. Qd5 Qxh2+ 28. Kf1 Qh3+ 29. Ke2 Qc8 30. Qd3+ Kg8 31. Qd8+ Qxd8 32. Rxd8+ Kh7
33. Rd2 Rf4 34. Ke3 Ra4 35. f4 Kg6 36. f3 Kf5 37. Rd5+ Ke6 38. Rd2 h5 39. Rc2 g6
40. Rc6+ Kf5 41. Rc5+ Kf6 42. Rc6+ Kg7 43. Rc7+ Kh6 44. Rc6 Kh7 45. Rc7+ Kg8 46.
Rc8+ Kh7 47. Rc7+ Kh6 48. Rc6 Ra5 49. f5 Rxf5 50. Rxa6 Rc5 51. f4 h4 52. Kf3 Kh5
53. Ra8 Rc3+ 54. Kg2 Kg4 55. Ra6 Rg3+ 56. Kh2 Kxf4 57. Ra4+ Kg5 58. Ra5+ Kg4 59.
Ra4+ Kh5 60. Ra5+ g5 61. Ra8 Rc3 62. a4 Rc2+ 63. Kh1 h3 64. Rb8 Kh4 65. a5 g4
66. Rb1 Ra2 67. Rb4 h2 68. Rb3 g3 69. Rb5 Ra1+ 0-1

[Event "3rd Cambridge Int Open"]
[Site "Cambridge ENG"]
[Date "2025.05.27"]
[Round "3.19"]
[White "Schroer, Marcel"]
[Black "Smart, Michael R"]
[Result "1/2-1/2"]
[WhiteElo "2085"]
[BlackElo "1914"]
[WhiteFideId "1012908"]
[BlackFideId "411370"]
[EventDate "2025.05.26"]

1. d4 Nf6 2. Nf3 g6 3. g3 Bg7 4. Bg2 d5 5. O-O O-O 6. c4 c6 7. b3 Bg4 8. Bb2
Nbd7 9. Nbd2 Re8 10. h3 Bxf3 11. Nxf3 Ne4 12. Qd3 e5 13. cxd5 cxd5 14. Nxe5 Nxe5
15. dxe5 Bxe5 16. Bxe5 Rxe5 17. Rad1 Qb6 18. e3 Rae8 19. Qd4 Qxd4 20. Rxd4 Nc3
21. Rd2 b5 22. Rc1 b4 23. a3 a5 24. axb4 axb4 25. Kf1 Ra8 26. Rd4 Rb8 27. Ra1
Kg7 28. Ra5 h5 29. Bxd5 Rd8 30. e4 f5 31. f3 fxe4 32. fxe4 Nxe4 33. Bxe4 Rf8+
34. Ke2 Rxa5 1/2-1/2

[Event "3rd Cambridge Int Open"]
[Site "Cambridge ENG"]
[Date "2025.05.27"]
[Round "3.20"]
[White "Mittal, Aditya"]
[Black "Goh, Jinghan Cameron"]
[Result "0-1"]
[WhiteElo "1849"]
[BlackElo "2186"]
[WhiteFideId "499250"]
[BlackFideId "5804540"]
[EventDate "2025.05.26"]

1. e4 c5 2. c3 d5 3. exd5 Qxd5 4. d4 Nf6 5. Nf3 e6 6. Na3 a6 7. Nc4 Nbd7 8. Be2
b5 9. Nfd2 Ra7 10. Bf3 Qf5 11. Ne3 Qf4 12. a4 cxd4 13. cxd4 Qb8 14. axb5 axb5
15. Rxa7 Qxa7 16. Qc2 Ba6 17. O-O Bd6 18. d5 O-O 19. dxe6 fxe6 20. Qc6 Ne8 21.
Bg4 Nc5 22. b4 Nd3 23. Bxe6+ Kh8 24. Qe4 Nf4 25. Bb2 Bb7 26. Bd5 Nxd5 27. Nxd5
Qa2 28. Qc2 Qxd5 29. f3 Bxb4 30. Ne4 Qc4 31. Qxc4 bxc4 32. Rc1 Bd5 33. Rd1 Bxe4
34. fxe4 c3 35. Bc1 c2 0-1

[Event "3rd Cambridge Int Open"]
[Site "Cambridge ENG"]
[Date "2025.05.27"]
[Round "3.21"]
[White "Adams, George"]
[Black "Vaidyanathan, Adithya"]
[Result "1-0"]
[WhiteElo "1829"]
[BlackElo "2137"]
[WhiteFideId "487643"]
[BlackFideId "495450"]
[EventDate "2025.05.26"]

1. d4 d5 2. Nf3 Bf5 3. c4 e6 4. Nc3 Nf6 5. Bg5 c6 6. Qb3 Qb6 7. c5 Qc7 8. Bf4
Qc8 9. e3 Nbd7 10. Qd1 Be7 11. h3 Bd8 12. b4 b6 13. Be2 Bc7 14. O-O O-O 15. Rc1
a5 16. Bxc7 Qxc7 17. cxb6 Qxb6 18. b5 cxb5 19. Bxb5 h6 20. Qe2 Rfc8 21. Na4 Qd6
22. Nd2 Rab8 23. Nb3 Qb4 24. Bxd7 Nxd7 25. Nbc5 Nxc5 26. Nxc5 Qa3 27. Rcd1 Rb2
28. Rd2 Rxd2 29. Qxd2 Rb8 30. Qe2 Rb1 31. Rxb1 Bxb1 32. Qb5 Qxa2 33. Qe8+ Kh7
34. Nd7 Bf5 35. Qxf7 Kh8 36. Qe8+ Kh7 37. Nf8+ Kg8 38. Ng6+ Kh7 39. Ne7 Qb1+ 40.
Kh2 1-0

[Event "3rd Cambridge Int Open"]
[Site "Cambridge ENG"]
[Date "2025.05.27"]
[Round "3.22"]
[White "Anjulan, Ashwin"]
[Black "Brett, Andrew R"]
[Result "1/2-1/2"]
[WhiteElo "1826"]
[BlackElo "2057"]
[WhiteFideId "343411622"]
[BlackFideId "416460"]
[EventDate "2025.05.26"]

1. e4 c5 2. c4 g6 3. Nc3 Bg7 4. g3 Nc6 5. Bg2 Nf6 6. Nge2 O-O 7. O-O d6 8. d3 a6
9. Rb1 Rb8 10. h3 b5 11. b3 Nd4 12. Be3 Ne8 13. Qd2 e5 14. Nd5 Nc7 15. Nxd4 Nxd5
16. Nc6 Nxe3 17. Nxd8 Nxf1 18. Qa5 Bd7 19. Rxf1 Rfxd8 20. Qxa6 Be8 21. a3 Bf8
22. b4 Rdc8 23. bxc5 Ra8 24. Qb7 Rab8 25. Qa7 1/2-1/2

[Event "3rd Cambridge Int Open"]
[Site "Cambridge ENG"]
[Date "2025.05.27"]
[Round "3.23"]
[White "Prince, Alan R"]
[Black "Hutchinson, Paul A"]
[Result "0-1"]
[WhiteElo "1803"]
[BlackElo "2054"]
[WhiteFideId "2402165"]
[BlackFideId "411558"]
[EventDate "2025.05.26"]

1. Nf3 Nf6 2. g3 d5 3. Bg2 Nc6 4. d3 e5 5. Nbd2 h6 6. e4 dxe4 7. dxe4 Bc5 8. O-O
Be6 9. Qe2 Qe7 10. Nc4 Bxc4 11. Qxc4 O-O-O 12. c3 Bb6 13. b4 Kb8 14. a4 a5 15.
Ba3 Qe8 16. b5 Na7 17. Rad1 Rxd1 18. Rxd1 g5 19. Qd3 Ng4 20. Rd2 f5 21. c4 Nxf2
22. Rxf2 Bxf2+ 23. Kxf2 g4 24. Nd2 f4 25. Qd5 Rh7 26. b6 Nc8 27. bxc7+ Rxc7 28.
Qxa5 b6 29. Qb4 Qf7 30. Kg1 f3 31. Bf1 f2+ 32. Kh1 Rd7 33. h4 gxh3 34. Kh2 Qh5
35. Qc3 Qd1 36. Bxh3 Qg1# 0-1

[Event "3rd Cambridge Int Open"]
[Site "Cambridge ENG"]
[Date "2025.05.27"]
[Round "3.24"]
[White "Kothari, Jai"]
[Black "Kaushik, Madhav"]
[Result "1/2-1/2"]
[WhiteElo "2007"]
[BlackElo "1779"]
[WhiteFideId "477117"]
[BlackFideId "499986"]
[EventDate "2025.05.26"]

1. e4 c5 2. Nc3 Nc6 3. Bb5 Nd4 4. Nf3 a6 5. Bd3 g6 6. Nxd4 cxd4 7. Ne2 d5 8. e5
Bg7 9. f4 e6 10. O-O Ne7 11. b3 Nc6 12. a3 O-O 13. Bb2 Qb6 14. Kh1 f6 15. exf6
Bxf6 16. Qe1 Bd7 17. Qg3 Bg7 18. Rae1 Rf7 19. Ng1 Raf8 20. Nh3 e5 21. fxe5 Rxf1+
22. Rxf1 Rxf1+ 23. Bxf1 Qc7 24. Ng5 Qxe5 25. Qxe5 Bxe5 26. Nf3 Bf6 27. Bd3 g5
28. Ng1 Bg4 29. h3 Bd1 30. b4 1/2-1/2

[Event "3rd Cambridge Int Open"]
[Site "Cambridge ENG"]
[Date "2025.05.27"]
[Round "3.25"]
[White "Pick, Freddie"]
[Black "Chantrell, Paul"]
[Result "1-0"]
[WhiteElo "1997"]
[BlackElo "1749"]
[WhiteFideId "343454097"]
[BlackFideId "451967"]
[EventDate "2025.05.26"]

1. c4 e5 2. Nc3 Nc6 3. Nf3 f5 4. g3 Nf6 5. d4 e4 6. Nh4 g6 7. Bg5 Bg7 8. e3 O-O
9. Ng2 d6 10. Nf4 Kh8 11. h4 Qe8 12. h5 Nxh5 13. Nxh5 gxh5 14. Nd5 Qf7 15. Be2
Be6 16. Bxh5 Qd7 17. Nf4 Bf7 18. Bg6 Bxg6 19. Nxg6+ Kg8 20. Nxf8 Rxf8 21. a3 Rf7
22. Kf1 Bf6 23. Bxf6 Rxf6 24. Kg2 Qg7 25. Qh5 Ne7 26. Rag1 f4 27. exf4 Rxf4 28.
Qh6 Rf6 29. Qxg7+ Kxg7 30. Re1 d5 31. cxd5 Nxd5 32. Rxe4 1-0

[Event "3rd Cambridge Int Open"]
[Site "Cambridge ENG"]
[Date "2025.05.27"]
[Round "3.26"]
[White "Dasgupta, Avyukt"]
[Black "Bosiocic, Marin"]
[Result "0-1"]
[BlackTitle "GM"]
[WhiteElo "2142"]
[BlackElo "2511"]
[WhiteFideId "480630"]
[BlackFideId "14507927"]
[EventDate "2025.05.26"]

1. d4 d6 2. e4 Nf6 3. Nc3 g6 4. Be3 c6 5. Qd2 Nbd7 6. Nf3 Nb6 7. h3 h6 8. Bd3
Bg7 9. O-O-O Be6 10. Qe2 Qc7 11. g4 g5 12. Nd2 d5 13. e5 Nfd7 14. h4 c5 15. hxg5
hxg5 16. Rxh8+ Bxh8 17. Rh1 Bg7 18. Nb5 Qc6 19. dxc5 Nxc5 20. Nd6+ Kf8 21. Bb5
Qc7 22. Bxc5 Qxc5 23. Nf5 Bxf5 24. gxf5 Rc8 25. Bd3 Nc4 26. Nb3 Qc7 27. f6 exf6
28. e6 Re8 29. Qg4 fxe6 30. Bg6 Re7 31. Rh7 Qe5 32. c3 Qe1+ 33. Kc2 Qxf2+ 34.
Kd1 Ne3+ 0-1

[Event "3rd Cambridge Int Open"]
[Site "Cambridge ENG"]
[Date "2025.05.27"]
[Round "3.27"]
[White "Willow, Jonah B"]
[Black "Khoury, Theo"]
[Result "1/2-1/2"]
[WhiteTitle "IM"]
[BlackTitle "CM"]
[WhiteElo "2478"]
[BlackElo "2143"]
[WhiteFideId "438804"]
[BlackFideId "480703"]
[EventDate "2025.05.26"]

1. e4 c5 2. Nc3 d6 3. d4 cxd4 4. Qxd4 Nc6 5. Qd2 g6 6. b3 Bh6 7. f4 Nf6 8. Bb2
O-O 9. O-O-O e5 10. g3 Re8 11. Bg2 Bg4 12. Bf3 Nd4 13. Bxg4 Nxg4 14. Kb1 Rc8 15.
Nge2 Bg7 16. Nc1 b5 17. a3 a5 18. N1a2 a4 19. bxa4 bxa4 20. Nb4 Rc4 21. Ncd5 Nf6
22. Qd3 Rc5 23. Nxf6+ Bxf6 24. fxe5 dxe5 25. Qa6 Re6 26. Qd3 Qc8 27. Rhf1 Rb6
28. Rf2 Bg7 29. Rdf1 Rb7 30. Rd1 Rc4 31. c3 Ne6 32. Qd5 Rcc7 33. Rfd2 Bh6 34.
Rd3 Nc5 35. Qd8+ Kg7 36. Qxc8 Rxc8 37. Rd5 Nxe4 38. Kc2 Re7 39. Ra5 Nf2 40. Re1
e4 41. Nd5 Nd3 42. Nxe7 Nxe1+ 43. Kd1 Rb8 44. Kxe1 Rxb2 45. Rxa4 Bd2+ 46. Kd1 f5
47. Nd5 Kf7 48. Ra6 Bg5 49. h4 Rd2+ 50. Ke1 Rxd5 51. hxg5 Rd3 52. Kf2 Rf3+ 53.
Kg2 Rxc3 54. Ra7+ Ke6 55. Rxh7 Rc2+ 56. Kf1 Ke5 57. Rg7 Rc6 58. Ke2 Ra6 59. a4
Kd4 60. Rd7+ Ke5 61. Rg7 Rxa4 62. Rxg6 Ra2+ 63. Kf1 Ra1+ 64. Kf2 Ra2+ 65. Kf1 e3
66. Rg8 Ke4 67. Rf8 Ra1+ 68. Ke2 Ra2+ 69. Kf1 Rf2+ 70. Kg1 f4 71. g6 f3 72. g7
Rg2+ 73. Kh1 Rxg3 74. g8=Q Rxg8 75. Rxg8 Kd3 76. Kg1 Kd2 77. Re8 Ke2 78. Rf8 Kd2
79. Rxf3 e2 1/2-1/2

[Event "3rd Cambridge Int Open"]
[Site "Cambridge ENG"]
[Date "2025.05.27"]
[Round "3.28"]
[White "Camacho Collados, Marcos"]
[Black "Payne, Matthew J"]
[Result "1-0"]
[WhiteTitle "IM"]
[WhiteElo "2462"]
[BlackElo "2116"]
[WhiteFideId "2266237"]
[BlackFideId "417084"]
[EventDate "2025.05.26"]

1. d4 Nf6 2. Bg5 e6 3. Nf3 h6 4. Bh4 g5 5. Bg3 Bg7 6. Nbd2 Nh5 7. c3 Nxg3 8.
hxg3 d5 9. e4 b6 10. Bd3 c5 11. Qe2 Qe7 12. dxc5 bxc5 13. O-O Nc6 14. Rfe1 d4
15. e5 Bb7 16. Nc4 Rd8 17. Nd6+ Rxd6 18. exd6 Qxd6 19. c4 Nb4 20. a3 Nxd3 21.
Qxd3 O-O 22. b4 e5 23. bxc5 Qc6 24. Qf5 e4 25. Ne5 Qxc5 26. Ng6 Qxf5 27. Ne7+
Kh7 28. Nxf5 Be5 29. Rab1 Bc6 30. Ne7 Ba4 31. Rxe4 Bc2 32. Rxe5 Bxb1 33. c5 Rd8
34. c6 1-0

[Event "3rd Cambridge Int Open"]
[Site "Cambridge ENG"]
[Date "2025.05.27"]
[Round "3.29"]
[White "Kueh, Audrey"]
[Black "Haubro, Martin"]
[Result "0-1"]
[WhiteTitle "WFM"]
[BlackTitle "IM"]
[WhiteElo "2054"]
[BlackElo "2402"]
[WhiteFideId "421596"]
[BlackFideId "1414291"]
[EventDate "2025.05.26"]

1. e4 c5 2. Nf3 d6 3. Bb5+ Nd7 4. a4 Nf6 5. Nc3 g6 6. a5 Bg7 7. O-O a6 8. Be2
O-O 9. d3 b5 10. axb6 Nxb6 11. Be3 Qc7 12. Qc1 Re8 13. Bh6 Bh8 14. Nd2 d5 15.
exd5 Nfxd5 16. Nxd5 Nxd5 17. Bf3 Bb7 18. Nc4 Rab8 19. Qg5 Nb6 20. Bxb7 Nxc4 21.
Bd5 Nb6 22. Bb3 Bxb2 23. Rxa6 e6 24. Qh4 Rec8 25. Bf4 Be5 26. Bxe5 Qxe5 27. Ra7
Ra8 28. Qe7 Rxa7 29. Qxa7 Qd6 30. h3 Ra8 31. Qb7 Ra5 32. Re1 Nd7 33. Qc8+ Kg7
34. Qd8 Ra7 35. Bc4 Rb7 36. Bb3 Rb8 37. Qa5 Rb4 38. Qd8 Rf4 39. g3 Rf5 40. Re4
c4 41. Rxc4 Qe5 42. Re4 Qa1+ 43. Kg2 Qa7 44. Rf4 Qb7+ 45. f3 Rxf4 46. gxf4 h6
47. Qe7 Qc6 48. Qb4 Nf6 49. Qd4 Qb5 50. Qb2 Qb4 51. c4 g5 52. fxg5 hxg5 53. Kf2
Kg6 54. d4 Qd6 55. Qc2+ Kg7 56. c5 Qh2+ 57. Ke3 Nd5+ 0-1

[Event "3rd Cambridge Int Open"]
[Site "Cambridge ENG"]
[Date "2025.05.27"]
[Round "3.30"]
[White "Shearsby, Jude"]
[Black "Pert, Max"]
[Result "1-0"]
[WhiteTitle "CM"]
[BlackTitle "FM"]
[WhiteElo "2133"]
[BlackElo "2290"]
[WhiteFideId "462527"]
[BlackFideId "456845"]
[EventDate "2025.05.26"]

1. d4 d5 2. c4 e6 3. Nc3 Nf6 4. cxd5 exd5 5. Bg5 c6 6. e3 Be7 7. Bd3 h6 8. Bf4
O-O 9. h3 Bd6 10. Nge2 Re8 11. O-O a5 12. Qc2 b5 13. a4 b4 14. Na2 Ne4 15. Nac1
Ba6 16. Nb3 Bxd3 17. Qxd3 Bxf4 18. Nxf4 Nd7 19. Nd2 Ndf6 20. Rac1 Rc8 21. Nf3
Qb6 22. Ne5 g5 23. Ne2 c5 24. f3 c4 25. Qd1 Nd6 26. Qe1 Kg7 27. Ng3 Rc7 28. f4
Nde4 29. fxg5 hxg5 30. h4 Nxg3 31. Qxg3 Ne4 32. Qh2 Rh8 33. Nxf7 Rxh4 34. Qe5+
Kg6 35. Qxd5 c3 36. Ne5+ Kh5 37. Qd8 Ng3 38. Qh8+ 1-0

[Event "3rd Cambridge Int Open"]
[Site "Cambridge ENG"]
[Date "2025.05.27"]
[Round "3.31"]
[White "Yu, Rock"]
[Black "Sowray, Peter J"]
[Result "1-0"]
[BlackTitle "FM"]
[WhiteElo "2048"]
[BlackElo "2219"]
[WhiteFideId "489000"]
[BlackFideId "400971"]
[EventDate "2025.05.26"]

1. d4 g6 2. c4 Bg7 3. Nc3 c5 4. d5 d6 5. e4 e6 6. Be2 Ne7 7. h4 exd5 8. exd5 O-O
9. h5 Nf5 10. h6 Bh8 11. Nf3 Nd7 12. Bf4 Re8 13. Kf1 Ne5 14. g3 Nxf3 15. Bxf3 g5
16. Bd2 Nd4 17. Rh5 f6 18. Be4 Rxe4 19. Nxe4 Bf5 20. Nc3 Qd7 21. f3 Nxf3 22.
Qxf3 Bg4 23. Qh1 Qf5+ 24. Kg1 Qd3 25. Rh2 Bf3 26. Rg2 Re8 27. Qh2 f5 28. Bxg5
Bd4+ 29. Rf2 Qc2 30. Nb5 Qxc4 31. Nxd4 Qxd4 32. Qh4 Qxd5 33. Be7 1-0

[Event "3rd Cambridge Int Open"]
[Site "Cambridge ENG"]
[Date "2025.05.27"]
[Round "3.32"]
[White "Pozzari, Simone"]
[Black "Chan, Sheng Liang Bernard"]
[Result "1-0"]
[WhiteTitle "FM"]
[WhiteElo "2171"]
[BlackElo "2095"]
[WhiteFideId "2831282"]
[BlackFideId "5712858"]
[EventDate "2025.05.26"]

1. e4 c5 2. Nf3 d6 3. d4 cxd4 4. Nxd4 Nf6 5. Nc3 g6 6. Be3 Bg7 7. f3 O-O 8. Qd2
Nc6 9. O-O-O d5 10. Kb1 Nxd4 11. e5 Nf5 12. exf6 exf6 13. Bc5 d4 14. Bxf8 Qxf8
15. Nb5 Ne3 16. Re1 f5 17. f4 Qc5 18. c3 Be6 19. Nxd4 Nxf1 20. Rhxf1 Bd5 21. g3
a5 22. Nc2 Qc4 23. a3 b5 24. Rd1 Be4 25. Rfe1 b4 26. Rxe4 Qxe4 27. cxb4 axb4 28.
Re1 Qc4 29. Nxb4 h5 30. Qd5 Qc8 31. Re7 Qf8 32. Rxf7 Qxf7 33. Qxa8+ Kh7 34. Qd5
Qa7 35. Qd2 Qg1+ 36. Ka2 Qc5 37. Qc2 Qd6 38. h4 Qd4 39. Qb3 Qd2 40. a4 Bd4 41.
Nd3 Qa5 42. Qc4 Qa7 43. Ne5 Bf2 44. Qb3 Be1 45. Kb1 Qc7 46. Qe6 Qg7 47. Nxg6
Bxg3 48. Ne5 Bxh4 49. Qxf5+ Kg8 50. Qxh5 Bf6 51. Qe8+ Kh7 52. Qf7 Qxf7 53. Nxf7
Kg6 54. Nd6 Be7 55. Nc8 1-0

[Event "3rd Cambridge Int Open"]
[Site "Cambridge ENG"]
[Date "2025.05.27"]
[Round "3.33"]
[White "Dierssen Garcia-Barredo, Guiller"]
[Black "Matthews, Adrian M S"]
[Result "1-0"]
[WhiteElo "1979"]
[BlackElo "1800"]
[WhiteFideId "22298274"]
[BlackFideId "413631"]
[EventDate "2025.05.26"]

1. e4 c5 2. Nf3 Nc6 3. d4 cxd4 4. Nxd4 Nf6 5. Nc3 e5 6. Ndb5 d6 7. Bg5 a6 8. Na3
b5 9. Bxf6 gxf6 10. Nd5 f5 11. Bd3 Be6 12. c3 Bxd5 13. exd5 Ne7 14. Nxb5 Bg7 15.
Na3 Qa5 16. Nc4 Qc7 17. Qa4+ Kf8 18. Rd1 Bf6 19. Ne3 e4 20. Bc2 Rg8 21. g3 Kg7
22. O-O Kh8 23. Nxf5 1-0

[Event "3rd Cambridge Int Open"]
[Site "Cambridge ENG"]
[Date "2025.05.27"]
[Round "3.34"]
[White "Iyengar, Ilya"]
[Black "Richardson, Alan"]
[Result "1-0"]
[WhiteElo "1979"]
[BlackElo "1791"]
[WhiteFideId "405949"]
[BlackFideId "343448828"]
[EventDate "2025.05.26"]

1. d4 Nf6 2. Nf3 g6 3. c4 Bg7 4. g3 O-O 5. Bg2 c6 6. O-O d6 7. Nc3 Bf5 8. Nh4
Be6 9. d5 cxd5 10. cxd5 Bd7 11. Be3 Na6 12. Bd4 b5 13. a3 Nc7 14. Rc1 Qb8 15. e4
Ng4 16. Bxg7 Kxg7 17. Qd4+ Kg8 18. h3 Ne5 19. b3 Qb6 20. Ne2 Rfc8 21. Rfd1 f6
22. f4 Nf7 23. Rc3 Na6 24. Qxb6 axb6 25. b4 Rxc3 26. Nxc3 Rc8 27. Rc1 Kf8 28.
Kf2 Ke8 29. Ke3 Kd8 30. Bf1 Nc7 31. Ne2 Na6 32. Rxc8+ Kxc8 33. Nc3 Nc7 34. Nf3
Nd8 35. Nd4 Kb7 36. Ncxb5 Nxb5 37. Nxb5 Nf7 38. Nd4 Nd8 39. Nf3 Nf7 40. Kd4 Kc7
41. e5 dxe5+ 42. fxe5 fxe5+ 43. Nxe5 Nxe5 44. Kxe5 b5 45. h4 Kb6 46. Be2 Bc8 47.
g4 Bd7 48. g5 Bc8 49. d6 1-0